000 00439nam a2200181Ia 4500
001 5185
005 20260306145849.0
008 260306t2011||||xx |||||||||||||| ||spa||
041 _aESP
082 _a337
_bP23
100 _aPankaj Gremawat
_eAUT
245 0 _aWorld 3.0:
_bglobal prosperity and how to achieve it
260 _c2011
300 _a386 páginas :
_c24 cm.
650 _aGEN
654 _aCAN
942 _cLIB
_dJUS
_fJUS
_2ddc
_n
999 _c5185
_d5185